| 000 | 00702pab a2200157 454500 | ||
|---|---|---|---|
| 008 | 180718b2002 xxu||||| |||| 00| 0 eng d | ||
| 100 | _aArizpe, Lourdes | ||
| 245 | _aThe politics of place and the power of the weaker | ||
| 260 | _c2002 | ||
| 300 | _ap.22-24. | ||
| 362 | _aMar | ||
| 520 | _aLourdes Arizpe in commenting on the lead paper argues that as women mobilize they bring about a new awareness of our individual and collective places in the world. These experimental grounds, `glocalities', are building new concepts of belonging and of participating where different politics are being expressed and negotiated. - Reproduced. | ||
| 650 | _aWomen | ||
| 773 | _aDevelopment | ||
| 909 | _a52371 | ||
| 999 |
_c52371 _d52371 |
||